000 00503nmm a2200157Ia 4500
008 251105s9999||||xx |||||||||||||||||und||
020 _a9788431530297
041 _aspa
100 _aMuñoz, Joaquim Vilargunter
245 0 _aHaga usted mismo 25 modelos de estanterías
264 _a[Madrid, España] :
_bDe Vecchi,
_c[Fecha de publicación no identificada]
300 _a0 páginas
650 _aNorth American narrative
856 _uhttps://public.digitaliapublishing.com/a/123256
942 _cCF
999 _c81240
_d81240